| 000 | 00827nam a2200181 u 4500 | ||
|---|---|---|---|
| 001 | 000819335 | ||
| 003 | AM-YeHGA | ||
| 005 | 20250617144541.0 | ||
| 008 | 110624s1983 tk r 000 0 rus d | ||
| 040 | _aAM-YeHGA | ||
| 041 | 0 | _arus | |
| 245 | 0 | 0 |
_aБиоэкологическое изучение флоры и растительности Туркменистана : _bСборник научных трудов Межвузовский / _cМ-во высшего и среднего спец. образования ТССР Редкол.: И.Г. Рустамов (отв. ред.) и др. |
| 260 |
_aАшхабад : _bМинвуз ТССР, _c1983. |
||
| 300 |
_a185 с. : _bтабл. |
||
| 504 | _aБиблиогр. в конце ст. | ||
| 653 | 0 | _aЭкология растений - ТССР | |
| 090 | _c297820 | ||
| 999 |
_c296130 _d296130 |
||